000 00433nam a22001697a 4500
005 20251108172357.0
008 250721s1972 xx 000 0 eng d
082 1 4 _a387.7/HUD
100 1 _aHudson, Kenneth
245 1 0 _aAir Travel :
_bAsocial history /
264 1 _aLondon :
_bAdams & Dart,
_c1972.
300 _a174 p. : ill
650 1 7 _aAirlines
650 1 7 _aAeronantics commercial
942 _2ddc
_cBK
999 _c77700
_d77700